000 00384nam a2200133Ia 4500
005 20251222141849.0
008 251222s9999||||xx |||||||||||||| ||spa||
020 _a978-612-46007-1-5
082 _a017.853.7/Z58
100 _aZegarra Moretti, Carlos
245 0 _aCatálogo del archivo histórico de la Prelatura de la Ayaviri:
264 _bInstituto de Pastoral Andina
942 _cLIB
999 _c7683
_d7683